[Event "Ancona Ascoli Province-ch"]
[Site "Porto Sant Elpidio"]
[Date "2016.01.31"]
[Round "4"]
[White "Tibulca, Victor George"]
[Black "Vannicola, Roberto"]
[Result "0-1"]
[WhiteElo "1452"]
[BlackElo "1549"]
[PlyCount "104"]
[EventDate "2016.01.29"]
[EventType "swiss"]
[EventRounds "5"]
[EventCountry "ITA"]
[SourceTitle "EXT 2018"]
[Source "ChessBase"]
[SourceDate "2017.10.13"]
[SourceVersion "1"]
[SourceVersionDate "2017.10.13"]
[SourceQuality "1"]

1. e4 c6 2. Nf3 d5 3. exd5 cxd5 4. d4 Nc6 5. Bb5 Bd7 6. Nbd2 Nf6 7. c4 e6 8. c5 b6 9. Qa4 Qc7 10. 0-0 bxc5 11. Re1 c4 12. Ne5 Nxe5 13. dxe5 Bxb5 14. Qxb5+ Nd7 15. b3 c3 16. Nf3 Be7 17. Bg5 Bxg5 18. Nxg5 0-0 19. Qd3 g6 20. Qh3 h5 21. Nxe6 fxe6 22. Qxe6+ Kg7 23. Qe7+ Rf7 24. Qg5 Nf8 25. e6 Rf5 26. Qe3 Re8 27. Qd4+ Kh7 28. Qb4 Rxe6 29. Rac1 Rxe1+ 30. Rxe1 Rf7 31. Rc1 c2 32. Qd2 Qf4 33. Qxc2 Ne6 34. Qb2 Nd4 35. Rf1 Rf5 36. b4 Rg5 37. g3 Qe4 38. Rc1 Ne2+ 39. Kf1 Nxc1 40. Qxc1 Qc4+ 41. Qxc4 dxc4 42. Ke2 Rd5 43. a4 c3 44. b5 c2 45. a5 c1Q 46. b6 Qd1+ 47. Ke3 Qd4+ 48. Kf3 Rf5+ 49. Kg2 Qxf2+ 50. Kh3 Qf1+ 51. Kh4 g5+ 52. Kxh5 Qh3# 0-1